أمن البحر المتوسط و أثره على العالم العربي في ظل المتغيرات الإقليمية والدولية / (Record no. 16680)
[ view plain ]
| 000 -الفاتح | |
|---|---|
| حقل البيانات ثابتة الطول | 00978nam a22001937a 4500 |
| 008 - عناصر البيانات ثابتة الطول - معلومات عامة | |
| حقل البيانات ثابتة الطول | 120423s1994 fr|||||r|||| 000 0 ara d |
| 020 ## - الرقم الدولى المعيارى للكتب | |
| الرقم الدولى المعيارى للكتاب | 9775161967 |
| 082 ## - رقم تصنيف ديوى العشرى | |
| رقم التصنيف | 363.31638 |
| رقم المادة | ك ا م |
| 100 ## - المدخل الرئيسى - إسم شخصى | |
| 9 (RLIN) | 29706 |
| الإسم الشخصى | عثمان ، كامل |
| 245 ## - بيان العنوان | |
| العنوان | أمن البحر المتوسط و أثره على العالم العربي في ظل المتغيرات الإقليمية والدولية / |
| بيان المسئوليه,etc | عثمان كامل |
| 260 ## - PUBLICATION, DISTRIBUTION, ETC. (IMPRINT) | |
| مكان الناشر او الموزع | باريس : |
| اسم الناشر او الموزع | مركز الدراسات العربي الأوروبي، |
| تاريخ النشر أو التوزيع | 1994 |
| 300 ## - الوصف المادى | |
| التعداد | 167 ص ؛ |
| أبعاد الوعاء | 14 سم |
| 504 ## - تبصرة ببليوجرافية | |
| تبصرة ببليوجرافية,الخ | يشتمل على إرجاعات ببليوجرافية:ص 159-167 |
| 541 ## - تبصرة المصدر المباشر للتزويد | |
| مصدر التزويد | Dr. Bassem ; |
| طريقة التزويد | Donation ; |
| 651 ## - المدخل الاضافى بالموضوع - اسم جغرافى | |
| 9 (RLIN) | 29707 |
| الاسم الجغرافي | حوض البحر الأبيض المتوسط |
| 651 ## - المدخل الاضافى بالموضوع - اسم جغرافى | |
| 9 (RLIN) | 15286 |
| الاسم الجغرافي | العالم العربي |
| التقسيم الفرعي العام | علاقات خارجية |
| 942 ## - عناصر المدخل الإضافي( كوها) | |
| مصدر التصنيف او مخطط الترفيف | Dewey Decimal Classification |
| Koha [default] item type | Book - Borrowing |
| حالة التراجع | حالة الفقد | مصدر التصنيف او خطة الترفيف | حالة تلف | ليس للاعارة | مجموعات كوها | المكان الدائم | المكان الحالي | موقع الترفيف | تاريخ الاكتساب | Source of acquisition | رقم الاستدعاء | الباركود | Date last seen | مُعار | نوع الوعاء |
|---|---|---|---|---|---|---|---|---|---|---|---|---|---|---|---|
| Dewey Decimal Classification | Central Library | Central Library | First floor | 23/04/2012 | Donation | 363.31638 ك ا م | 000026687 | 15/07/2025 | 09/12/2020 | Book - Borrowing |